| 000 | 00818nam a22002177a 4500 | ||
|---|---|---|---|
| 999 |
_c12899 _d12899 |
||
| 003 | AR-CdUCM | ||
| 008 | 190410b ||||| |||| 00| 0 spa d | ||
| 040 |
_aMUNICIPALIDAD PROVINCIAL DEL CUSCO _cBIBLIOTECA MUNICIPAL DEL CUSCO |
||
| 082 |
_aC / 985.613 / _bB23 |
||
| 100 |
_aBarham Ode, Walid _931017 |
||
| 245 |
_aLa clave de Guaman : _bPitusiray - Sahuasiray / |
||
| 260 |
_aCusco : _bQuality print, _c2007. |
||
| 300 |
_a215 páginas ; _bIlustraciones, _c21 cm. |
||
| 505 | _aContenido: Pitusiray dios del maíz -- Etimología opuestos complementarios -- Los Sahuasiray -- Tiahuanaco -- Los inkas ... | ||
| 650 |
_aRealismo mítico _931018 |
||
| 650 |
_aPitusiray _931019 |
||
| 650 |
_aSahuasiray _931020 |
||
| 710 |
_aMunicipalidad provincial de Calca _930357 |
||
| 942 |
_2ddc _cLIBROS |
||
| 945 |
_aacv _d2019-04-10 |
||